| 000 | 02355nam a2200373 a 4500 | ||
|---|---|---|---|
| 001 | ebr10683103 | ||
| 003 | CaPaEBR | ||
| 006 | m u | ||
| 007 | cr cn||||||||| | ||
| 008 | 110927s2012 nyuad sb 001 0 eng d | ||
| 010 | _z 2011040545 | ||
| 020 | _z9781621009481 (hardcover) | ||
| 020 | _z9781621009689 (e-book) | ||
| 040 |
_aCaPaEBR _cCaPaEBR |
||
| 035 | _a(OCoLC)831664758 | ||
| 050 | 1 | 4 |
_aQP383.15 _b.V57 2012eb |
| 082 | 0 | 4 |
_a548/.842 _223 |
| 245 | 0 | 0 |
_aVisual cortex _h[electronic resource] : _banatomy, functions and injuries / _cJessica M. Harris and Jason Scott, editors. |
| 260 |
_aHauppauge, N.Y. : _bNova Science Publishers, _cc2012. |
||
| 300 |
_axii, 205 p. : _bill. (some col.). |
||
| 490 | 1 | _aNeuroscience research progress | |
| 490 | 1 | _aNeurology--laboratory and clinical research developments | |
| 504 | _aIncludes bibliographical references and index. | ||
| 505 | 0 | _aBiophysical mechanisms underlying the critical period of visual cortical plasticity : a modeling study / Shigeru Kubota -- Electrophysiological assessment of the human visual system / Takao Yamasaki ... [et al.] -- Plasticity of visual cortical circuitries in adulthood / Jos�e Fernando Maya-Vetencourt -- The visual cortex in Alzheimer's disease : laminar distribution of the pathological changes in visual areas V1 and V2 / Richard A. Armstrong -- A visual computational model and its neural computation based on inner product in the primary visual cortex / Zhao Songnian ... [et al.] -- Bioluminescence imaging of arc expression detects activity-dependent and plastic changes in the visual cortex of adult mice / Hisashi Mori, Hironori Izumi -- Molecular signatures of parallel pathways in the visual thalamus / Hiroshi Kawasaki ... [et al.]. | |
| 533 |
_aElectronic reproduction. _bPalo Alto, Calif. : _cebrary, _d2013. _nAvailable via World Wide Web. _nAccess may be limited to ebrary affiliated libraries. |
||
| 650 | 0 | _aVisual cortex. | |
| 655 | 7 |
_aElectronic books. _2local |
|
| 700 | 1 | _aHarris, Jessica M. | |
| 700 | 1 | _aScott, Jason. | |
| 710 | 2 | _aebrary, Inc. | |
| 830 | 0 | _aNeuroscience research progress series. | |
| 830 | 0 | _aNeurology--laboratory and clinical research development series. | |
| 856 | 4 | 0 |
_uhttp://site.ebrary.com/lib/rucke/Doc?id=10683103 _zAn electronic book accessible through the World Wide Web; click to view |
| 999 |
_c32394 _d32394 |
||